Les meilleurs buteurs de chaque club de Ligue 1 (2022-2023) - Statistiques

Statistiques générales
  • Ce quiz a été pris 109 fois
  • Le résultat moyen est 13 sur 20
Statistiques - réponses
Club Nombre de buts Joueur % Correct
Paris SG 29 Kylian Mbappé
100%
Lyon 27 Alexandre Lacazette
99%
Monaco 19 Wissam Ben Yedder
98%
Lille 24 Jonathan David
94%
Lens 21 Loïs Openda
94%
Marseille 14 Alexis Sánchez
90%
Montpellier 19 Elye Wahi
90%
Reims 21 Folarin Balogun
89%
Rennes 15 Amine Gouiri
83%
Nice 18 Terem Moffi
80%
Strasbourg 20 Habib Diallo
78%
Troyes 12 Mama Baldé
52%
Nantes 8 Mostafa Mohamed
52%
Toulouse 12 Thijs Dallinga
44%
Auxerre 6 M'Baye Niang
37%
Brest 10 Jérémy Le Douaron
36%
Lorient 7 Ibrahima Koné
31%
Clermont 10 Grejohn Kyei
27%
Angers 5 Abdallah Sima
17%
Ajaccio 6 Mounaïm El Idrissy
16%
Aucun quiz correspondant
Distribution des résultats
% des personnes avec chaque résultat
Percentile par nombre de réponses
Votre historique - résultats
Vous n’avez pas pris ce quiz